Glasgow Rangers Most Appearances since 2000 - Statistics

General Stats
  • This quiz has been taken 81 times
  • The average score is 13 of 20
Answer Stats
Hint Answer % Correct
English - 467 James Tavernier
98%
Northern Irish - 364 Steven Davis
89%
Colombian - 269 Alfredo Morelos
85%
Scottish - 494 Allan McGregor
83%
Canadian - 233 Scott Arfield
79%
Scottish - 400 Barry Ferguson
76%
Spanish - 236 Nacho Novo
71%
Scottish - 218 Kris Boyd
68%
Bosnian - 216 Sasa Papac
67%
German - 273 Stefan Klos
65%
Scottish - 292 Kenny Miller
64%
Croatian - 236 Borna Barisic
61%
English - 309 Connor Goldson
61%
Scottish - 222 David Weir
59%
Italian - 203 Lorenzo Amoruso
58%
Scottish - 210 Ryan Jack
53%
Scottish - 257 Lee Wallace
48%
Scottish - 296 Lee McCulloch
45%
Dutch - 231 Fernando Ricksen
44%
English - 218 Ryan Kent
41%
No matching quizzes found
Score Distribution
Percent of People with Each Score
Percentile by Number Answered
Your Score History
You have not taken this quiz